| Tag |
First Indicator |
Second Indicator |
Subfields |
| LEADER |
00000cam a22000004a 4500 |
| 001 |
in00002575367 |
| 005 |
20151201152312.0 |
| 008 |
100302s2009 be b 000 0 eng |
| 010 |
|
|
|a 2010386104
|
| 020 |
|
|
|a 9789058677655
|
| 020 |
|
|
|a 9058677656
|
| 035 |
|
|
|a (OCoLC)ocn612973883
|
| 035 |
|
|
|a (OCoLC)612973883
|
| 040 |
|
|
|a DLC
|c DLC
|d BWX
|d YDXCP
|d UtOrBLW
|
| 049 |
|
|
|a TXAM
|
| 050 |
0 |
0 |
|a LC490
|b .H45 2009
|
| 082 |
0 |
4 |
|a 371.07
|
| 100 |
1 |
|
|a Hellinckx, Bart.
|
| 245 |
1 |
4 |
|a The forgotten contribution of the teaching sisters :
|b a historiographical essay on the educational work of Catholic women religious [as printed] in the 19th and 20th centuras printed /
|c Bart Hellinckx, Frank Simon & Marc Depaepe.
|
| 264 |
|
1 |
|a Leuven :
|b Leuven University Press,
|c [2009]
|
| 264 |
|
4 |
|c ©2009
|
| 300 |
|
|
|a 125 pages ;
|c 24 cm.
|
| 336 |
|
|
|a text
|b txt
|2 rdacontent
|
| 337 |
|
|
|a unmediated
|b n
|2 rdamedia
|
| 338 |
|
|
|a volume
|b nc
|2 rdacarrier
|
| 490 |
0 |
|
|a Studia paedagogica ;
|v new series 44
|
| 504 |
|
|
|a Includes bibliographical references (pages [57]-125).
|
| 650 |
|
0 |
|a Nuns as teachers
|x Historiography.
|
| 610 |
2 |
0 |
|a Catholic Church
|x Education
|x Historiography.
|
| 700 |
1 |
|
|a Simon, Frank,
|d 1944-
|
| 700 |
1 |
|
|a Depaepe, Marc.
|
| 938 |
|
|
|a Blackwell Book Service
|b BBUS
|n R1846845
|c $34.50
|
| 938 |
|
|
|a YBP Library Services
|b YANK
|n 3177820
|
| 945 |
|
|
|a PromptCat
|b 15387
|
| 946 |
|
|
|a stk
|
| 947 |
|
|
|a A14840179715
|
| 994 |
|
|
|a 92
|b TXA
|
| 948 |
|
|
|a Cataloged
|b h
|c 2010/7/1
|d c
|e ibarton
|
| 999 |
|
|
|a MARS
|
| 999 |
f |
f |
|s c2057d80-c904-3ff0-b862-7ccec757e249
|i 9447cf51-0fa2-3cca-8d42-454695f10431
|t 0
|
| 952 |
f |
f |
|p normal
|a Texas A&M University
|b College Station
|c Sterling C. Evans Library
|d Evans: Library Stacks
|t 0
|e LC490 .H45 2009
|h Library of Congress classification
|i unmediated -- volume
|m A14840179715
|
| 998 |
f |
f |
|a LC490 .H45 2009
|t 0
|l Evans: Library Stacks
|